| 000 | 00307nam a2200109Ia 4500 | ||
|---|---|---|---|
| 008 | 230907s9999||||xx |||||||||||||| ||und|| | ||
| 082 |
_a327.73056 _bPRI |
||
| 245 | 0 | _aUS foreign policy in the Middle East : the case for continuity / | |
| 260 |
_aPalgrave, _bFlorida : _c2017 |
||
| 300 | _a232 p. | ||
| 942 | _cBK | ||
| 999 |
_c599382 _d599382 |
||